| 000 | 00689nam a2200205Ia 4500 | ||
|---|---|---|---|
| 003 | OSt | ||
| 005 | 20260605123316.0 | ||
| 008 | 210210b2000 xxu||||| |||| 00| 0 eng d | ||
| 040 | _cAL | ||
| 041 | _aKannada | ||
| 082 | _a157.9K KATM | ||
| 100 |
_aKATTIMANI (R V). _dಕಟ್ಟೀಮನಿ ಆರ್ ವಿ _9265353 |
||
| 245 |
_aManasika vottadadinda muktaraguvudu hege? _bಮಾನಸಿಕ ಒತ್ತಡದಿಂದ ಮುಕ್ತರಾಗುವುದು ಹೇಗೆ? |
||
| 260 |
_aHubballi _bSahitya Prakashana _c2000 |
||
| 300 | _avi,126 | ||
| 650 |
_aManasika Ottada Mental Stress _9265354 |
||
| 690 |
_aClinical Psychology _9265355 |
||
| 906 | _a056938 | ||
| 942 |
_2ddc _cBK |
||
| 999 |
_c104528 _d104528 |
||